Statistics for Countries by Inflation Rate

Click here to take the quiz!

General Stats

  • This quiz has been taken 3 times
  • The average score is 10 of 25

Answer Stats

HintAnswer% Correct
32.35Sudan
100%
1087.51Venezuela
100%
16.05Burundi
67%
41.50D.R. Congo
67%
29.50Egypt
67%
12.18Malawi
67%
187.85South Sudan
67%
31.69Angola
33%
9.85Ethiopia
33%
8.05Gambia
33%
12.37Ghana
33%
8.92Guinea
33%
14.67Haiti
33%
10.48Iran
33%
12.42Liberia
33%
8.28Madagascar
33%
15.11Mozambique
33%
16.52Nigeria
33%
8.28Rwanda
33%
18.22Sierra Leone
33%
22.02Suriname
33%
24.66Yemen
33%
25.67Argentina
0%
12.91Azerbaijan
0%
11.14Turkey
0%

Score Distribution

Percentile by Number Answered

Percent of People with Each Score

Your Score History

You have not taken this quiz